Double Letter Countries on a Map Quiz Stats

 Plays Quiz Updated Aug 23, 2017

Support Sporcle.
Go Orange.
Score 0/11 Timer 01:30
6 Plays Today
% Correct
Russia
92.2%
Andorra
84.3%
Morocco
83%
Greece
82.8%
Philippines
79.3%
Seychelles
74.5%
Cameroon
63.3%
Marshall Islands
58.2%
Sierra Leone
57.4%
Guinea-Bissau
53.8%
Saint Kitts and Nevis
51.8%

From the Vault

Technically Correct Band Names II

by Bolafssonify

Music 3m
Sometimes, being good at spelling and grammar won't help you.
Remove Ads.
Support Sporcle.
Get the best of Sporcle when you Go Orange. This ad-free experience offers more features, more stats, and more fun while also helping to support Sporcle. Thank you for becoming a member.

Show Comments

Extras

Top Quizzes Today


Score Distribution

Your Account Isn't Verified!

In order to create a playlist on Sporcle, you need to verify the email address you used during registration. Go to your Sporcle Settings to finish the process.

Report this User

Report this user for behavior that violates our Community Guidelines.

Details: